| 000 | 00575nam a2200193 a 4500 | ||
|---|---|---|---|
| 003 | MX-MxUPN | ||
| 005 | 20250819145428.0 | ||
| 008 | 250819s1996 mx |||||r|||| 000 0 spa d | ||
| 040 |
_aMX-MxUPN _bspa _cMX-MxUPN |
||
| 041 | 0 | _aspa | |
| 050 | 1 | 4 |
_aLC4035 M6 _bP76 1996 |
| 245 | 0 | 0 |
_aProyecto general de educación especial : _bpautas de organización |
| 260 |
_aMéxico :[SEP], _c1996 |
||
| 300 | _a37 páginas | ||
| 490 | 0 |
_aCuadernos de integración educativa ; _v6 |
|
| 650 | 4 |
_aEducación especial _zMéxico _94834 |
|
| 902 | _aVíctor Ruiz/190825 | ||
| 942 |
_2lcc _cFOLL |
||
| 999 |
_c213809 _d213809 |
||